000 01153cam a2200313 i 4500
999 _c67595
_d67595
001 67595
003 Mx-PuUPA
005 20200402190850.0
008 140415s2004 a r 000 0 spa d
040 _aMX-PuUPA
_bspa
_erda
_cMx-PuUPA
_dMx-PuUPA
041 0 _aspa
100 1 _aWestfall, Richard S.,
_eautor
_94784
240 1 4 _aThe life of Isaac Newton.
_lEspañol
245 1 0 _aIsaac Newton :
_buna vida /
_cRichard S. Westfall ; de la traducción, Menchu Gutiérrez ; prólogo de Pedro Duque.
264 1 _aLugar de publicación no identificado :
_bEdiciones Folio,
_c2004
300 _a380 páginas :
_bilustraciones ;
_c22 cm.
336 _atexto
_2rdacontent
_btxt
337 _asin medio
_2rdamedia
_bn
338 _avolumen
_2rdacarrier
_bnc
490 0 _aProtagonistas de la historia ; Biblioteca ABC ;
_v15
600 1 4 _aNewton, Isacc, 1642-1727
650 4 _aFísicos
_xHistoria
650 4 _aCiencia
_xHistoria
650 4 _aFísicos
_zGran Bretaña
_xBiografía
700 1 _aDuque, Pedro,
_eprologuista
700 1 _aGutiérrez, Menchu,
_etraductor
942 _h530.092
_iN532
_cLI
_2ddc